[Event "World Chess Olympiad 2018"]
[Site "Batumi"]
[Date "2018.10.05"]
[Round "11"]
[Board "4"]
[WhiteFideId "9400338"]
[White "Al-Aqrabi Saleh"]
[BlackFideId "9901302"]
[Black "Kavinda Akila"]
[Result "1/2-1/2"]
[LiveChessVersion "1.4.8"]
[BlackElo "2047"]
[WhiteElo "2158"]

1. d4 {[%clk 1:30:57]} Nf6 {[%clk 1:30:55]} 2. c4 {[%clk 1:31:20]} g6
{[%clk 1:31:21]} 3. Nc3 {[%clk 1:31:42]} d5 {[%clk 1:31:46]} 4. Bf4
{[%clk 1:32:03]} Bg7 {[%clk 1:31:45]} 5. e3 {[%clk 1:32:31]} O-O {[%clk 1:29:10]}
6. h3 {[%clk 1:32:52]} c5 {[%clk 1:26:56]} 7. Nf3 {[%clk 1:32:41]} Nc6
{[%clk 1:17:35]} 8. Be2 {[%clk 1:31:25]} dxc4 {[%clk 1:07:29]} 9. Bxc4
{[%clk 1:30:33]} Nh5 {[%clk 1:00:49]} 10. Be5 {[%clk 1:28:36]} cxd4
{[%clk 0:56:03]} 11. Bxg7 {[%clk 1:23:35]} Kxg7 {[%clk 0:46:58]} 12. Nxd4
{[%clk 1:23:09]} Nxd4 {[%clk 0:44:09]} 13. Qxd4+ {[%clk 1:23:37]} Qxd4
{[%clk 0:44:28]} 14. exd4 {[%clk 1:24:02]} Rd8 {[%clk 0:37:26]} 15. Rd1
{[%clk 1:24:27]} Nf4 {[%clk 0:31:51]} 16. O-O {[%clk 1:21:03]} Bf5
{[%clk 0:30:38]} 17. Rfe1 {[%clk 1:20:05]} Kf8 {[%clk 0:28:51]} 18. Re3
{[%clk 1:14:32]} Rac8 {[%clk 0:25:39]} 19. Bb3 {[%clk 1:14:32]} g5
{[%clk 0:18:55]} 20. Kh2 {[%clk 1:12:19]} e6 {[%clk 0:13:37]} 21. Rd2
{[%clk 1:09:34]} h6 {[%clk 0:09:50]} 22. Re5 {[%clk 1:08:24]} a6 {[%clk 0:07:18]}
23. g3 {[%clk 1:07:49]} Ng6 {[%clk 0:07:06]} 24. Re3 {[%clk 1:03:04]} Ne7
{[%clk 0:06:58]} 25. Rf3 {[%clk 1:02:22]} Rd6 {[%clk 0:06:47]} 26. d5
{[%clk 1:00:04]} Bg6 {[%clk 0:03:39]} 27. Rd1 {[%clk 0:54:59]} exd5
{[%clk 0:00:50]} 28. Nxd5 {[%clk 0:53:14]} Nxd5 {[%clk 0:01:17]} 29. Rxd5
{[%clk 0:53:13]} Rcd8 {[%clk 0:01:07]} 30. Rc5 {[%clk 0:49:51]} Rd2
{[%clk 0:01:33]} 31. g4 {[%clk 0:49:09]} R8d7 {[%clk 0:01:18]} 32. Be6
{[%clk 0:47:57]} Re7 {[%clk 0:01:40]} 33. Bf5 {[%clk 0:41:23]} Bxf5
{[%clk 0:02:07]} 34. Rcxf5 {[%clk 0:41:51]} Rxb2 {[%clk 0:02:24]} 35. a3
{[%clk 0:42:16]} Rb6 {[%clk 0:01:14]} 36. Kg3 {[%clk 0:42:38]} Kg7
{[%clk 0:01:32]} 37. h4 {[%clk 0:42:54]} f6 {[%clk 0:01:43]} 38. Rd3
{[%clk 0:41:07]} Rbe6 {[%clk 0:01:57]} 39. Rc5 {[%clk 0:40:56]} Kf7
{[%clk 0:01:47]} 40. h5 {[%clk 1:10:44]} Re5 {[%clk 0:31:51]} 41. Rc8
{[%clk 1:10:50]} Re8 {[%clk 0:21:06]} 42. Rc7+ {[%clk 1:09:24]} R5e7
{[%clk 0:20:10]} 43. Rc5 {[%clk 1:09:36]} Re4 {[%clk 0:12:53]} 44. Rc7+
{[%clk 1:09:34]} R8e7 {[%clk 0:10:37]} 45. Rc8 {[%clk 1:09:56]} Re8
{[%clk 0:08:31]} 46. Rc7+ {[%clk 1:10:21]} R4e7 {[%clk 0:08:53]} 47. Rc5
{[%clk 1:10:40]} Kg7 {[%clk 0:07:54]} 48. Rc4 {[%clk 1:10:21]} Rf8
{[%clk 0:05:30]} 49. Rc5 {[%clk 1:10:00]} Rfe8 {[%clk 0:05:34]} 50. Rc4
{[%clk 1:10:25]} Rb8 {[%clk 0:05:11]} 51. Rd6 {[%clk 1:10:01]} Rf7
{[%clk 0:04:02]} 52. Rc5 {[%clk 1:09:51]} Rbf8 {[%clk 0:03:57]} 53. Rdd5
{[%clk 1:09:39]} Re8 {[%clk 0:04:22]} 54. Rd6 {[%clk 1:09:32]} Rfe7
{[%clk 0:04:19]} 55. Rc3 {[%clk 1:09:14]} Rf7 {[%clk 0:03:37]} 56. Rc5
{[%clk 1:08:29]} Rb8 {[%clk 0:03:31]} 57. Rd3 {[%clk 1:08:11]} Kg8
{[%clk 0:01:34]} 58. Rd6 {[%clk 1:07:47]} Kf8 {[%clk 0:01:45]} 59. Rdd5
{[%clk 1:07:37]} Kg7 {[%clk 0:00:43]} 60. Rd6 {[%clk 1:07:21]} Kg8
{[%clk 0:01:06]} 61. Rf5 {[%clk 1:06:46]} Kg7 {[%clk 0:00:43]} 62. Rc5
{[%clk 1:07:14]} Re8 {[%clk 0:00:53]} 63. Rd3 {[%clk 1:07:16]} Kh8
{[%clk 0:00:53]} 64. Rd6 {[%clk 1:07:24]} Kh7 {[%clk 0:01:10]} 65. Rf5
{[%clk 1:07:14]} Ref8 {[%clk 0:01:18]} 66. Rc5 {[%clk 1:07:41]} Kg8
{[%clk 0:01:34]} 67. Rc3 {[%clk 1:07:48]} Re7 {[%clk 0:01:35]} 68. Rc5
{[%clk 1:07:46]} Kg7 {[%clk 0:02:02]} 69. Rd3 {[%clk 1:07:35]} Rff7
{[%clk 0:02:05]} 70. Rc8 {[%clk 1:06:33]} Rd7 {[%clk 0:00:37]} 71. Rdc3
{[%clk 1:04:00]} Rf8 {[%clk 0:01:02]} 72. R8c5 {[%clk 1:03:31]} Rfd8
{[%clk 0:00:45]} 73. Re3 {[%clk 0:59:44]} Kf7 {[%clk 0:00:49]} 74. Rcc3
{[%clk 0:59:46]} Re7 {[%clk 0:00:46]} 75. Rf3 {[%clk 0:59:24]} Rd4
{[%clk 0:00:36]} 76. Rfd3 {[%clk 0:56:15]} Rxd3+ {[%clk 0:00:34]} 77. Rxd3
{[%clk 0:56:43]} Kg7 {[%clk 0:00:33]} 78. Rd6 {[%clk 0:56:09]} Rc7
{[%clk 0:00:55]} 79. f3 {[%clk 0:55:44]} Kf7 {[%clk 0:01:02]} 80. Rb6
{[%clk 0:56:12]} Re7 {[%clk 0:00:39]} 81. a4 {[%clk 0:56:27]} Kg7
{[%clk 0:00:49]} 1/2-1/2

[Event "World Chess Olympiad 2018"]
[Site "Batumi"]
[Date "2018.10.05"]
[Round "11"]
[Board "1"]
[WhiteFideId "19700261"]
[White "Drayton Anthony"]
[BlackFideId "13100351"]
[Black "Ralison Milanto Harifidy"]
[Result "0-1"]
[LiveChessVersion "1.4.8"]
[BlackElo "2281"]
[WhiteElo "2024"]

1. d4 {[%clk 1:30:48]} Nf6 {[%clk 1:30:53]} 2. Bf4 {[%clk 1:31:11]} c5
{[%clk 1:30:13]} 3. d5 {[%clk 1:30:20]} Qb6 {[%clk 1:30:02]} 4. Nc3
{[%clk 1:30:12]} Qxb2 {[%clk 1:27:11]} 5. Bd2 {[%clk 1:30:30]} Qb6
{[%clk 1:25:50]} 6. e4 {[%clk 1:30:51]} d6 {[%clk 1:25:31]} 7. f4
{[%clk 1:31:05]} g6 {[%clk 1:23:24]} 8. Nf3 {[%clk 1:31:23]} Bg7 {[%clk 1:23:43]}
9. Rb1 {[%clk 1:31:41]} Qc7 {[%clk 1:22:53]} 10. Bc4 {[%clk 1:29:34]} O-O
{[%clk 1:20:33]} 11. O-O {[%clk 1:29:49]} Nbd7 {[%clk 1:18:17]} 12. Qe2
{[%clk 1:26:24]} Nb6 {[%clk 1:16:43]} 13. e5 {[%clk 1:25:57]} dxe5
{[%clk 1:15:16]} 14. fxe5 {[%clk 1:26:18]} Ng4 {[%clk 1:15:07]} 15. d6
{[%clk 1:23:37]} exd6 {[%clk 1:14:11]} 16. Nb5 {[%clk 1:23:46]} Qc6
{[%clk 1:10:55]} 17. Nxd6 {[%clk 1:23:58]} Nxc4 {[%clk 1:10:10]} 18. Qxc4
{[%clk 1:23:52]} Be6 {[%clk 1:10:12]} 19. Qe2 {[%clk 1:17:45]} Nxe5
{[%clk 1:08:59]} 20. Nxe5 {[%clk 1:17:22]} Qxd6 {[%clk 1:09:22]} 21. Bf4
{[%clk 1:17:17]} Qd4+ {[%clk 1:07:20]} 22. Kh1 {[%clk 1:17:25]} Rfe8
{[%clk 1:06:08]} 23. Rbd1 {[%clk 1:15:03]} Qa4 {[%clk 1:04:25]} 24. Qf2
{[%clk 1:15:09]} b6 {[%clk 0:58:14]} 25. c3 {[%clk 1:09:19]} Bf5 {[%clk 0:55:01]}
26. Rde1 {[%clk 1:09:03]} f6 {[%clk 0:54:27]} 27. Qf3 {[%clk 1:08:01]} fxe5
{[%clk 0:53:59]} 28. Bxe5 {[%clk 1:08:24]} Rad8 {[%clk 0:52:41]} 29. Bxg7
{[%clk 1:08:15]} Kxg7 {[%clk 0:52:58]} 30. h3 {[%clk 1:07:02]} Rxe1
{[%clk 0:51:28]} 31. Rxe1 {[%clk 1:07:24]} Re8 {[%clk 0:51:29]} 32. Rf1
{[%clk 1:06:31]} Qe4 {[%clk 0:51:33]} 33. Qg3 {[%clk 1:06:40]} Qe5
{[%clk 0:51:43]} 34. Qf3 {[%clk 1:06:11]} Re7 {[%clk 0:50:12]} 35. c4
{[%clk 1:00:19]} Qe4 {[%clk 0:42:53]} 36. Qg3 {[%clk 1:00:40]} Qd3
{[%clk 0:42:01]} 37. Qf4 {[%clk 1:00:39]} Re4 {[%clk 0:41:31]} 38. Qc7+
{[%clk 1:00:39]} Qd7 {[%clk 0:40:14]} 39. Qg3 {[%clk 1:30:55]} h5
{[%clk 1:08:32]} 40. Qc3+ {[%clk 1:28:09]} Kh7 {[%clk 1:08:00]} 41. Qf6
{[%clk 1:27:49]} Qe6 {[%clk 1:06:42]} 42. Qf8 {[%clk 1:26:30]} Re2
{[%clk 1:05:58]} 43. a4 {[%clk 1:24:56]} Qe7 {[%clk 1:03:17]} 44. Qb8
{[%clk 1:19:51]} Bxh3 {[%clk 1:02:22]} 0-1

[Event "World Chess Olympiad 2018"]
[Site "Batumi"]
[Date "2018.10.05"]
[Round "11"]
[Board "2"]
[WhiteFideId "13100858"]
[White "Andriamasoandro Miora"]
[BlackFideId "19700024"]
[Black "Khan Taffin"]
[Result "0-1"]
[LiveChessVersion "1.4.8"]
[BlackElo "1900"]
[WhiteElo "2126"]

1. d4 Nf6 {[%clk 1:30:52]} 2. Nf3 {[%clk 1:31:19]} d6 {[%clk 1:31:13]} 3. Bf4
{[%clk 1:31:29]} Nbd7 {[%clk 1:31:33]} 4. e3 {[%clk 1:31:29]} Nh5
{[%clk 1:31:48]} 5. Bg5 {[%clk 1:31:22]} h6 {[%clk 1:32:09]} 6. Bh4
{[%clk 1:31:45]} g5 {[%clk 1:32:15]} 7. Nfd2 {[%clk 1:31:56]} Ndf6
{[%clk 1:31:20]} 8. Bg3 {[%clk 1:31:37]} Nxg3 {[%clk 1:31:34]} 9. hxg3
{[%clk 1:31:57]} Bg7 {[%clk 1:31:58]} 10. Bd3 {[%clk 1:29:41]} c6
{[%clk 1:32:11]} 11. c4 {[%clk 1:28:50]} Qb6 {[%clk 1:30:40]} 12. Qc2
{[%clk 1:28:17]} c5 {[%clk 1:29:23]} 13. dxc5 {[%clk 1:24:53]} Qxc5
{[%clk 1:29:43]} 14. Nc3 {[%clk 1:24:47]} Bd7 {[%clk 1:29:47]} 15. Nb3
{[%clk 1:17:42]} Qc7 {[%clk 1:28:52]} 16. O-O-O {[%clk 1:10:09]} Rc8
{[%clk 1:27:41]} 17. Kb1 {[%clk 1:04:30]} a6 {[%clk 1:27:42]} 18. f4
{[%clk 1:01:43]} Be6 {[%clk 1:25:16]} 19. Nd4 {[%clk 0:56:31]} Bxc4
{[%clk 1:23:18]} 20. Nf5 {[%clk 0:56:32]} Kf8 {[%clk 1:22:37]} 21. Bxc4
{[%clk 0:53:33]} Qxc4 {[%clk 1:22:41]} 22. Rd4 {[%clk 0:50:45]} Qc6
{[%clk 1:21:44]} 23. e4 {[%clk 0:45:42]} Qc5 {[%clk 1:16:15]} 24. e5
{[%clk 0:38:30]} dxe5 {[%clk 1:13:54]} 25. fxe5 {[%clk 0:38:28]} e6
{[%clk 1:11:26]} 26. Nxg7 {[%clk 0:32:37]} Qxd4 {[%clk 1:09:16]} 27. Nxe6+
{[%clk 0:26:50]} fxe6 {[%clk 1:09:19]} 28. Qg6 {[%clk 0:27:13]} Qxe5
{[%clk 1:07:38]} 29. Rf1 {[%clk 0:27:07]} Ke7 {[%clk 1:07:56]} 30. Qg7+
{[%clk 0:26:58]} Kd6 {[%clk 1:08:00]} 31. Rxf6 {[%clk 0:23:01]} Rhf8
{[%clk 1:06:57]} 32. Rxf8 {[%clk 0:17:22]} Qxg7 {[%clk 1:07:12]} 33. Rxc8
{[%clk 0:17:42]} Qe5 {[%clk 1:06:36]} 34. Rd8+ {[%clk 0:15:26]} Ke7
{[%clk 1:06:31]} 35. Rd2 {[%clk 0:15:39]} Qxg3 {[%clk 1:06:11]} 36. Kc2
{[%clk 0:15:48]} h5 {[%clk 1:05:48]} 37. Ne4 {[%clk 0:15:29]} Qf4
{[%clk 1:03:56]} 38. Kd3 {[%clk 0:15:47]} h4 {[%clk 1:03:36]} 39. Rf2
{[%clk 0:15:50]} Qe5 {[%clk 1:03:21]} 40. Ke3 {[%clk 0:43:38]} g4
{[%clk 1:31:19]} 41. g3 {[%clk 0:42:54]} hxg3 {[%clk 1:27:43]} 42. Rg2
{[%clk 0:43:08]} Qf5 {[%clk 1:27:42]} 43. Rxg3 {[%clk 0:43:16]} e5
{[%clk 1:28:05]} 44. Kd3 {[%clk 0:42:52]} Ke6 {[%clk 1:28:12]} 45. Ke3
{[%clk 0:42:16]} Qf4+ {[%clk 1:27:15]} 46. Kd3 {[%clk 0:42:28]} Kf5
{[%clk 1:22:09]} 47. Nd6+ {[%clk 0:40:34]} Kg6 {[%clk 1:21:47]} 48. Ne4
{[%clk 0:40:54]} Qf1+ {[%clk 1:19:30]} 49. Ke3 {[%clk 0:41:08]} Qe1+
{[%clk 1:19:18]} 50. Kd3 {[%clk 0:41:23]} Kf5 {[%clk 1:19:16]} 51. Re3
{[%clk 0:40:24]} Qb1+ {[%clk 1:19:32]} 0-1

[Event "World Chess Olympiad 2018"]
[Site "Batumi"]
[Date "2018.10.05"]
[Round "11"]
[Board "3"]
[WhiteFideId "19700083"]
[White "Nathoo Loris"]
[BlackFideId "13100424"]
[Black "Rajaonarison Faniry"]
[Result "0-1"]
[LiveChessVersion "1.4.8"]
[BlackElo "2126"]
[WhiteElo "1665"]

1. d4 {[%clk 1:30:57]} Nf6 {[%clk 1:30:47]} 2. Nf3 {[%clk 1:31:14]} d6
{[%clk 1:31:04]} 3. c4 {[%clk 1:30:00]} g6 {[%clk 1:30:44]} 4. Nc3
{[%clk 1:26:08]} Bg7 {[%clk 1:30:54]} 5. e4 {[%clk 1:20:50]} O-O {[%clk 1:30:47]}
6. Be2 {[%clk 1:13:44]} e5 {[%clk 1:29:45]} 7. d5 {[%clk 1:10:38]} Nbd7
{[%clk 1:29:44]} 8. Qc2 {[%clk 1:07:17]} a5 {[%clk 1:27:02]} 9. a4
{[%clk 1:02:01]} Nc5 {[%clk 1:27:08]} 10. O-O {[%clk 0:55:01]} Ne8
{[%clk 1:23:58]} 11. Be3 {[%clk 0:43:31]} Na6 {[%clk 1:23:59]} 12. Qd2
{[%clk 0:43:35]} f5 {[%clk 1:21:41]} 13. Bh6 {[%clk 0:42:23]} Nc5
{[%clk 1:21:23]} 14. Bxg7 {[%clk 0:38:53]} Kxg7 {[%clk 1:21:45]} 15. Qc2
{[%clk 0:35:59]} Nf6 {[%clk 1:21:49]} 16. Nd2 {[%clk 0:33:52]} f4
{[%clk 1:17:34]} 17. Nb3 {[%clk 0:29:11]} Nxb3 {[%clk 1:16:04]} 18. Qxb3
{[%clk 0:29:32]} b6 {[%clk 1:16:30]} 19. Qc2 {[%clk 0:25:29]} Bd7
{[%clk 1:15:57]} 20. Nb5 {[%clk 0:20:02]} Ne8 {[%clk 1:13:44]} 21. Ra3
{[%clk 0:17:28]} Qf6 {[%clk 1:07:41]} 22. Qd1 {[%clk 0:14:37]} Qh4
{[%clk 1:05:46]} 23. Bf3 {[%clk 0:09:19]} Rd8 {[%clk 1:05:34]} 24. Qd3
{[%clk 0:08:12]} Rf7 {[%clk 1:05:00]} 25. g3 {[%clk 0:06:26]} Qg5
{[%clk 1:05:14]} 26. h4 {[%clk 0:04:56]} Qe7 {[%clk 1:03:59]} 27. Kg2
{[%clk 0:05:22]} Bc8 {[%clk 1:01:29]} 28. Rh1 {[%clk 0:05:14]} Kh8
{[%clk 0:59:03]} 29. Na7 {[%clk 0:04:47]} Bd7 {[%clk 0:58:39]} 30. Nc6
{[%clk 0:04:15]} Bxc6 {[%clk 0:59:03]} 31. dxc6 {[%clk 0:04:36]} fxg3
{[%clk 0:59:00]} 32. fxg3 {[%clk 0:04:54]} Nf6 {[%clk 0:58:45]} 33. Rf1
{[%clk 0:03:53]} Rdf8 {[%clk 0:58:46]} 34. Be2 {[%clk 0:04:05]} Ng8
{[%clk 0:58:11]} 35. Raa1 {[%clk 0:03:19]} Rxf1 {[%clk 0:56:29]} 36. Rxf1
{[%clk 0:03:40]} Rxf1 {[%clk 0:56:53]} 37. Kxf1 {[%clk 0:03:07]} Qf7+
{[%clk 0:57:08]} 38. Kg2 {[%clk 0:02:39]} Ne7 {[%clk 0:57:17]} 39. Bg4
{[%clk 0:01:29]} Nxc6 {[%clk 0:57:27]} 40. Qd5 {[%clk 0:31:45]} Qxd5
{[%clk 1:27:48]} 41. cxd5 {[%clk 0:28:38]} Nd8 {[%clk 1:27:05]} 42. Bc8
{[%clk 0:26:44]} Kg7 {[%clk 1:27:17]} 43. Kf3 {[%clk 0:25:41]} Kf6
{[%clk 1:27:18]} 44. Ke3 {[%clk 0:25:29]} Kg7 {[%clk 1:26:20]} 45. Kd3
{[%clk 0:25:39]} Kh6 {[%clk 1:26:36]} 46. Kc4 {[%clk 0:25:58]} g5
{[%clk 1:04:48]} 47. hxg5+ {[%clk 0:25:43]} Kxg5 {[%clk 1:05:08]} 48. Kb5
{[%clk 0:25:54]} Kf6 {[%clk 1:05:19]} 49. g4 {[%clk 0:16:07]} h6 {[%clk 1:03:17]}
50. b4 {[%clk 0:15:57]} axb4 {[%clk 1:03:37]} 51. Kxb4 {[%clk 0:15:36]} Ke7
{[%clk 1:04:06]} 52. a5 {[%clk 0:10:50]} bxa5+ {[%clk 1:04:27]} 53. Kxa5
{[%clk 0:11:11]} c5 {[%clk 1:04:43]} 54. dxc6 {[%clk 0:09:59]} Nxc6+
{[%clk 1:05:08]} 55. Ka4 {[%clk 0:09:27]} Kd8 {[%clk 1:03:48]} 56. Bf5
{[%clk 0:05:50]} Kc7 {[%clk 1:02:33]} 57. Bh7 {[%clk 0:04:21]} Ne7
{[%clk 1:01:58]} 58. Kb4 {[%clk 0:04:21]} Kb6 {[%clk 1:00:45]} 59. Kc4
{[%clk 0:04:24]} Kc6 {[%clk 1:00:46]} 60. Kd3 {[%clk 0:04:02]} Kd7
{[%clk 0:59:23]} 61. Kc4 {[%clk 0:01:01]} Ke6 {[%clk 0:59:44]} 62. Bf5+
{[%clk 0:00:52]} Nxf5 {[%clk 1:00:00]} 63. exf5+ {[%clk 0:01:00]} Kf6
{[%clk 1:00:22]} 64. Kd5 {[%clk 0:01:28]} h5 {[%clk 1:00:32]} 65. gxh5
{[%clk 0:01:17]} Kxf5 {[%clk 1:00:51]} 66. Kxd6 {[%clk 0:01:32]} e4
{[%clk 1:01:13]} 67. h6 {[%clk 0:02:01]} Kg6 {[%clk 1:01:34]} 68. Ke5
{[%clk 0:02:30]} e3 {[%clk 1:01:52]} 0-1

[Event "World Chess Olympiad 2018"]
[Site "Batumi"]
[Date "2018.10.05"]
[Round "11"]
[Board "1"]
[WhiteFideId "7200595"]
[White "Ziska Helgi Dam"]
[BlackFideId "7700768"]
[Black "Johnson Joshua"]
[Result "0-1"]
[LiveChessVersion "1.4.8"]
[BlackElo "2261"]
[WhiteElo "2550"]

1. e4 {[%clk 1:30:51]} c5 {[%clk 1:30:56]} 2. Nf3 {[%clk 1:30:41]} d6
{[%clk 1:31:22]} 3. Bb5+ {[%clk 1:30:21]} Nc6 {[%clk 1:31:44]} 4. O-O
{[%clk 1:28:24]} Bd7 {[%clk 1:31:43]} 5. Re1 {[%clk 1:27:59]} e5 {[%clk 1:31:45]}
6. c3 {[%clk 1:23:29]} a6 {[%clk 1:25:20]} 7. Bc4 {[%clk 1:17:11]} b5
{[%clk 1:22:34]} 8. Bf1 {[%clk 1:16:57]} Be7 {[%clk 1:19:57]} 9. h3
{[%clk 1:11:28]} Nf6 {[%clk 1:15:44]} 10. d4 {[%clk 1:07:58]} O-O
{[%clk 1:15:08]} 11. dxc5 {[%clk 0:57:42]} dxc5 {[%clk 1:15:25]} 12. a4
{[%clk 0:57:48]} Rb8 {[%clk 1:09:46]} 13. Na3 {[%clk 0:51:51]} c4
{[%clk 1:06:33]} 14. Bg5 {[%clk 0:46:14]} Be6 {[%clk 0:50:05]} 15. axb5
{[%clk 0:42:35]} axb5 {[%clk 0:50:25]} 16. Bxf6 {[%clk 0:39:28]} Bxf6
{[%clk 0:48:16]} 17. Nc2 {[%clk 0:39:27]} Qc7 {[%clk 0:43:43]} 18. Ne3
{[%clk 0:39:15]} Rfd8 {[%clk 0:43:31]} 19. Qc2 {[%clk 0:38:18]} Be7
{[%clk 0:42:53]} 20. Rad1 {[%clk 0:36:23]} Rxd1 {[%clk 0:38:44]} 21. Rxd1
{[%clk 0:36:46]} Bc5 {[%clk 0:38:28]} 22. Nd5 {[%clk 0:36:01]} Qa7
{[%clk 0:38:48]} 23. Rd2 {[%clk 0:35:42]} h6 {[%clk 0:19:44]} 24. Qd1
{[%clk 0:34:11]} Kf8 {[%clk 0:14:54]} 25. Nh4 {[%clk 0:28:20]} Na5
{[%clk 0:12:11]} 26. Qf3 {[%clk 0:28:22]} Nc6 {[%clk 0:08:47]} 27. Ng6+
{[%clk 0:17:07]} Ke8 {[%clk 0:09:13]} 28. Qf6 {[%clk 0:16:20]} Bxd5
{[%clk 0:03:58]} 29. Qxg7 {[%clk 0:15:57]} fxg6 {[%clk 0:04:20]} 30. Qh8+
{[%clk 0:11:05]} Ke7 {[%clk 0:04:33]} 31. Qxh6 {[%clk 0:11:31]} Bf7
{[%clk 0:04:48]} 32. Qh4+ {[%clk 0:11:10]} Ke8 {[%clk 0:03:31]} 33. Qh8+
{[%clk 0:11:35]} Ke7 {[%clk 0:03:22]} 34. Qh4+ {[%clk 0:12:04]} Ke8
{[%clk 0:03:48]} 35. Qh8+ {[%clk 0:12:30]} Bf8 {[%clk 0:04:11]} 36. Rd6
{[%clk 0:12:56]} Rc8 {[%clk 0:03:49]} 37. Be2 {[%clk 0:13:14]} Qc7
{[%clk 0:03:20]} 38. Rf6 {[%clk 0:13:42]} Nd8 {[%clk 0:01:44]} 39. h4
{[%clk 0:13:49]} Qe7 {[%clk 0:01:26]} 40. h5 {[%clk 0:42:28]} Rc6
{[%clk 0:30:42]} 41. Rxc6 {[%clk 0:42:18]} Nxc6 {[%clk 0:27:26]} 42. h6
{[%clk 0:40:34]} Qg5 {[%clk 0:25:36]} 43. h7 {[%clk 0:40:41]} Ne7
{[%clk 0:21:56]} 44. g3 {[%clk 0:37:10]} Be6 {[%clk 0:19:33]} 45. Qxf8+
{[%clk 0:34:57]} Kxf8 {[%clk 0:20:01]} 46. h8=Q+ {[%clk 0:35:19]} Ng8
{[%clk 0:18:43]} 47. Kg2 {[%clk 0:35:30]} Qf6 {[%clk 0:17:19]} 48. Qh1
{[%clk 0:35:11]} Qe7 {[%clk 0:17:24]} 49. Qa1 {[%clk 0:34:13]} Qb7
{[%clk 0:17:35]} 50. Qa3+ {[%clk 0:32:36]} Kf7 {[%clk 0:17:01]} 51. Bf3
{[%clk 0:29:20]} Qe7 {[%clk 0:12:28]} 52. Qa6 {[%clk 0:27:11]} Qd7
{[%clk 0:12:43]} 53. Qb6 {[%clk 0:26:22]} Nf6 {[%clk 0:08:54]} 54. Qc5
{[%clk 0:25:56]} g5 {[%clk 0:09:05]} 55. Qxe5 {[%clk 0:24:39]} g4
{[%clk 0:09:31]} 56. Be2 {[%clk 0:25:02]} Qd2 {[%clk 0:09:42]} 57. Bf1
{[%clk 0:23:54]} Qc2 {[%clk 0:07:34]} 0-1

[Event "World Chess Olympiad 2018"]
[Site "Batumi"]
[Date "2018.10.05"]
[Round "11"]
[Board "2"]
[WhiteFideId "7700512"]
[White "Cupid Kevin"]
[BlackFideId "7200013"]
[Black "Rodgaard John"]
[Result "1/2-1/2"]
[LiveChessVersion "1.4.8"]
[BlackElo "2331"]
[WhiteElo "2124"]

1. d4 {[%clk 1:30:56]} d5 {[%clk 1:30:42]} 2. c4 {[%clk 1:31:24]} e6
{[%clk 1:30:35]} 3. Nc3 {[%clk 1:30:40]} c6 {[%clk 1:28:35]} 4. e3
{[%clk 1:27:23]} Nf6 {[%clk 1:28:21]} 5. Nf3 {[%clk 1:26:37]} Nbd7
{[%clk 1:27:52]} 6. a3 {[%clk 1:26:43]} Bd6 {[%clk 1:19:48]} 7. Be2
{[%clk 1:26:55]} dxc4 {[%clk 1:13:03]} 8. Bxc4 {[%clk 1:27:23]} O-O
{[%clk 1:12:35]} 9. b4 {[%clk 1:26:59]} e5 {[%clk 1:04:41]} 10. Bb2
{[%clk 1:25:52]} a5 {[%clk 0:59:14]} 11. b5 {[%clk 1:23:51]} exd4
{[%clk 0:46:58]} 12. Qxd4 {[%clk 1:23:00]} Nb6 {[%clk 0:46:22]} 13. Ne4
{[%clk 1:17:23]} Nxc4 {[%clk 0:45:32]} 14. Qxc4 {[%clk 1:17:49]} cxb5
{[%clk 0:31:16]} 15. Nxf6+ {[%clk 1:14:59]} Qxf6 {[%clk 0:31:07]} 16. Qxb5
{[%clk 1:15:19]} Qh6 {[%clk 0:27:19]} 17. Rd1 {[%clk 1:13:10]} Bg4
{[%clk 0:21:49]} 18. Qa4 {[%clk 1:10:03]} Bxf3 {[%clk 0:20:53]} 19. gxf3
{[%clk 1:10:32]} Rfe8 {[%clk 0:19:33]} 20. Rd3 {[%clk 1:05:58]} Be5
{[%clk 0:18:49]} 21. Bxe5 {[%clk 1:05:45]} Rxe5 {[%clk 0:19:17]} 22. Ke2
{[%clk 1:05:46]} b5 {[%clk 0:17:12]} 23. Qg4 {[%clk 1:04:51]} Rae8
{[%clk 0:14:40]} 24. Rg1 {[%clk 1:04:37]} g6 {[%clk 0:14:17]} 25. h4
{[%clk 1:04:24]} Rc5 {[%clk 0:11:24]} 26. Rgd1 {[%clk 1:01:44]} Qf8
{[%clk 0:10:29]} 27. Qd4 {[%clk 0:58:39]} Qe7 {[%clk 0:08:55]} 28. Qd7
{[%clk 0:55:45]} Kf8 {[%clk 0:05:07]} 29. Qxe7+ {[%clk 0:50:21]} Rxe7
{[%clk 0:05:34]} 30. Rd8+ {[%clk 0:50:43]} Re8 {[%clk 0:05:18]} 31. R8d7
{[%clk 0:51:00]} Re7 {[%clk 0:05:42]} 32. Rd8+ {[%clk 0:49:55]} Kg7
{[%clk 0:06:09]} 33. Ra8 {[%clk 0:49:43]} a4 {[%clk 0:05:47]} 34. Rb8
{[%clk 0:49:33]} Rec7 {[%clk 0:05:08]} 35. Kf1 {[%clk 0:43:02]} Rh5
{[%clk 0:04:25]} 36. Rd4 {[%clk 0:43:10]} Rc3 {[%clk 0:03:29]} 37. Rf4
{[%clk 0:41:01]} Rc7 {[%clk 0:02:38]} 38. Rb4 {[%clk 0:41:11]} Rc3
{[%clk 0:01:19]} 1/2-1/2

[Event "World Chess Olympiad 2018"]
[Site "Batumi"]
[Date "2018.10.05"]
[Round "11"]
[Board "3"]
[WhiteFideId "7200420"]
[White "Berg Olaf"]
[BlackFideId "7700156"]
[Black "Harper Ryan"]
[Result "1/2-1/2"]
[LiveChessVersion "1.4.8"]
[BlackElo "2226"]
[WhiteElo "2248"]

1. e4 {[%clk 1:30:46]} c5 {[%clk 1:30:53]} 2. Nf3 {[%clk 1:30:53]} e6
{[%clk 1:31:12]} 3. d4 {[%clk 1:30:53]} cxd4 {[%clk 1:31:38]} 4. Nxd4
{[%clk 1:31:18]} a6 {[%clk 1:31:49]} 5. g3 {[%clk 1:30:19]} Qc7 {[%clk 1:30:04]}
6. Bg2 {[%clk 1:29:36]} Nf6 {[%clk 1:28:38]} 7. O-O {[%clk 1:29:06]} Nc6
{[%clk 1:28:32]} 8. Nxc6 {[%clk 1:15:13]} dxc6 {[%clk 1:18:01]} 9. Qe2
{[%clk 1:04:05]} e5 {[%clk 1:18:26]} 10. Nd2 {[%clk 1:01:07]} Bg4
{[%clk 1:17:24]} 11. f3 {[%clk 0:51:54]} Be6 {[%clk 1:11:28]} 12. Nb3
{[%clk 0:50:24]} b5 {[%clk 1:03:49]} 13. Qf2 {[%clk 0:48:17]} c5 {[%clk 1:01:09]}
14. Be3 {[%clk 0:47:34]} Rc8 {[%clk 0:49:54]} 15. c3 {[%clk 0:47:24]} Be7
{[%clk 0:49:32]} 16. h3 {[%clk 0:47:17]} O-O {[%clk 0:47:36]} 17. Rfd1
{[%clk 0:36:10]} Nd7 {[%clk 0:46:13]} 18. f4 {[%clk 0:22:35]} f5 {[%clk 0:46:12]}
19. exf5 {[%clk 0:22:28]} Rxf5 {[%clk 0:42:29]} 20. Qd2 {[%clk 0:11:37]} Nb6
{[%clk 0:41:14]} 21. Qe2 {[%clk 0:08:06]} Nc4 {[%clk 0:38:02]} 22. g4
{[%clk 0:07:08]} Rff8 {[%clk 0:36:31]} 23. f5 {[%clk 0:06:20]} Nxe3
{[%clk 0:36:32]} 24. Qxe3 {[%clk 0:06:47]} Bf7 {[%clk 0:36:50]} 25. Nd2
{[%clk 0:06:46]} Rfd8 {[%clk 0:35:05]} 26. Nf3 {[%clk 0:05:56]} Bd6
{[%clk 0:34:03]} 27. Ng5 {[%clk 0:05:27]} c4 {[%clk 0:33:42]} 28. Kh1
{[%clk 0:05:50]} Bc5 {[%clk 0:33:40]} 29. Qe2 {[%clk 0:04:37]} Be7
{[%clk 0:24:30]} 30. Nxf7 {[%clk 0:03:17]} Kxf7 {[%clk 0:24:57]} 31. Bd5+
{[%clk 0:03:05]} Kf8 {[%clk 0:25:24]} 32. Qe4 {[%clk 0:03:05]} h6
{[%clk 0:21:09]} 33. f6 {[%clk 0:01:01]} Bxf6 {[%clk 0:21:38]} 34. Qh7
{[%clk 0:01:26]} Ke7 {[%clk 0:20:43]} 35. Qg6 {[%clk 0:01:54]} Kf8
{[%clk 0:19:31]} 36. Qh7 {[%clk 0:01:40]} Ke7 {[%clk 0:19:38]} 37. Qg6
{[%clk 0:01:37]} Kf8 {[%clk 0:19:22]} 1/2-1/2